000 01300nam a22002897a 4500
003 OSt
005 20250910095640.0
008 240226b ||||| |||| 00| 0 eng d
040 _c0
082 _aDPer 621.317 Ie21 June 2022 v. 37 n. 6
100 _aBaek, Jaeil.
_eauthor.
_953361
245 _aVertical stacked LEGO-PoL CPU voltage regulator /
_cJaeil Baek, Youssef Elasser, Kaladhar Radhakrishnan, Houle Gan, Jonathan P. Douglas, Harish K. Krishnamurthy, Xin Li, Shuai Jiang, Charles R. Sullivan, and Minjie Chen.
260 _aNew York ;
_bThe Institute of Electrical and Electronics Engineers, Inc. ,
_cJune 2022.
300 _aVolume 37, pages 6305-6322 :
_billustration ;
_c29 cm.
500 _aIEEE Transactions on Power Electronics, vol. 37, no. 6, pages 6305-6322, June 2022.
700 _aBaek, Jaeil.
_eauthor.
_953361
700 _aElasser, Youssef.
_eauthor.
_953362
700 _aRadhakrishnan, Kaladhar.
_eauthor.
_953363
700 _aGan, Houle.
_eauthor.
_953364
700 _aDouglas, Jonathan P.
_eauthor.
_953365
700 _aKrishnamurthy, Harish K.
_eauthor.
_953366
700 _aLi, Xin.
_eauthor.
_953367
700 _aJiang, Shuai.
_eauthor.
_953368
700 _aSullivan, Charles R.
_eauthor.
_953369
700 _aChen, Minjie.
_eauthor.
_953370
942 _2ddc
_cPER
999 _c19362
_d19362